Discourse and context : a sociocognitive approach /
| Main Author: | |
|---|---|
| Format: | Book |
| Language: | English |
| Published: |
Cambridge, UK ; New York :
Cambridge University Press,
2008.
|
| Subjects: | |
| Online Access: | Contributor biographical information Publisher description Table of contents only |
MARC
| Tag | First Indicator | Second Indicator | Subfields |
|---|---|---|---|
| LEADER | 00000cam a22000004a 4500 | ||
| 001 | in00002425885 | ||
| 005 | 20151109135710.0 | ||
| 008 | 080404s2008 enk b 001 0 eng | ||
| 010 | |a 2008015449 | ||
| 015 | |a GBA863698 |2 bnb | ||
| 016 | 7 | |a 014607163 |2 Uk | |
| 020 | |a 9780521895590 (hardback : alk. paper) | ||
| 020 | |a 0521895596 (hardback : alk. paper) | ||
| 035 | |a (OCoLC)ocn191891574 | ||
| 035 | |a (OCoLC)191891574 | ||
| 040 | |a DLC |c DLC |d YDXCP |d BAKER |d BTCTA |d UKM |d OCLCQ |d BWKUK |d BWK |d BWX |d UtOrBLW | ||
| 049 | |a TXAM | ||
| 050 | 0 | 0 | |a P302.84 |b .D54 2008 |
| 082 | 0 | 0 | |a 401/.41 |2 22 |
| 100 | 1 | |a Dijk, Teun A. van, |d 1943- | |
| 245 | 1 | 0 | |a Discourse and context : |b a sociocognitive approach / |c Teun A. van Dijk. |
| 264 | 1 | |a Cambridge, UK ; |a New York : |b Cambridge University Press, |c 2008. | |
| 300 | |a xii, 267 pages ; |c 24 cm. | ||
| 336 | |a text |b txt |2 rdacontent | ||
| 337 | |a unmediated |b n |2 rdamedia | ||
| 338 | |a volume |b nc |2 rdacarrier | ||
| 504 | |a Includes bibliographical references (pages 226-254) and indexes. | ||
| 650 | 0 | |a Discourse analysis |x Social aspects. | |
| 650 | 0 | |a Context (Linguistics) | |
| 650 | 0 | |a Communication |x Social aspects. | |
| 650 | 0 | |a Cognition. | |
| 856 | 4 | 2 | |3 Contributor biographical information |u http://www.loc.gov/catdir/enhancements/fy0834/2008015449-b.html |t 0 |
| 856 | 4 | 2 | |3 Publisher description |u http://www.loc.gov/catdir/enhancements/fy0834/2008015449-d.html |t 0 |
| 856 | 4 | 1 | |3 Table of contents only |u http://www.loc.gov/catdir/enhancements/fy0834/2008015449-t.html |t 0 |
| 938 | |a YBP Library Services |b YANK |n 100486894 | ||
| 938 | |a Baker & Taylor |b BKTY |c 99.00 |d 99.00 |i 0521895596 |n 0007626974 |s active | ||
| 938 | |a Baker and Taylor |b BTCP |n 2008015449 | ||
| 938 | |a Blackwell Book Service UK |b BBUK |n L9791694 |c 55.00 | ||
| 938 | |a Blackwell Book Service |b BBUS |n R2734117 |c $99.00 | ||
| 945 | |a PromptCat |b 526757 | ||
| 946 | |a stk | ||
| 947 | |a A14836646035 | ||
| 994 | |a 92 |b TXA | ||
| 948 | |a cataloged |b h |d 2008/10/16 |h c |e asalazar |f 10:41:20 am | ||
| 999 | |a MARS | ||
| 999 | f | f | |s 0f993dec-f4fc-38d4-b0aa-980dd89ee742 |i e7ce5605-7165-319e-bba5-b4f7c9ab0c53 |t 0 |
| 952 | f | f | |p normal |a Texas A&M University |b College Station |c Sterling C. Evans Library |d Evans: Library Stacks |t 0 |e P302.84 .D54 2008 |h Library of Congress classification |i unmediated -- volume |m A14836646035 |
| 998 | f | f | |a P302.84 .D54 2008 |t 0 |l Evans: Library Stacks |